Engrenages la guerre d'Ukraine et le basculement du monde/ (Record no. 126473)

MARC details
000 -LEADER
campo de control de longitud fija 01804nam a22002297a 4500
003 - IDENTIFICADOR DE NÚMERO DE CONTROL
campo de control BJBSDDR
005 - FECHA Y HORA DE LA ÚLTIMA TRANSACCIÓN
campo de control 20260226154754.0
007 - CAMPO FIJO DE DESCRIPCIÓN FÍSICA--INFORMACIÓN GENERAL
campo de control de longitud fija ta
008 - DATOS DE LONGITUD FIJA--INFORMACIÓN GENERAL
campo de control de longitud fija 260226s2025 fr ||||| |||| 00| 0 fre d
020 ## - NÚMERO INTERNACIONAL ESTÁNDAR DEL LIBRO
Número Internacional Estándar del Libro 9782415010461
020 ## - NÚMERO INTERNACIONAL ESTÁNDAR DEL LIBRO
Número Internacional Estándar del Libro 2415010464
040 ## - FUENTE DE CATALOGACIÓN
Lengua de catalogación spa
Centro/agencia transcriptor BJBSDDR
041 ## - CÓDIGO DE IDIOMA
Código de lengua del texto/banda sonora o título independiente fre
050 ## - SIGNATURA TOPOGRÁFICA DE LA BIBLIOTECA DEL CONGRESO
Número de ítem L542 2025
100 1# - ENTRADA PRINCIPAL--NOMBRE DE PERSONA
Nombre de persona Lellouche, Pierre
9 (RLIN) 47234
245 10 - MENCIÓN DEL TÍTULO
Título Engrenages la guerre d'Ukraine et le basculement du monde/
Mención de responsabilidad, etc. Pierre Lellouche
260 ## - PUBLICACIÓN, DISTRIBUCIÓN, ETC.
Lugar de publicación, distribución, etc. Paris :
Nombre del editor, distribuidor, etc. Odile Jacob,
Fecha de publicación, distribución, etc. 2025
300 ## - DESCRIPCIÓN FÍSICA
Extensión 362 pages ;
Dimensiones 22 cm
520 ## - RESUMEN, ETC.
Sumario, etc. Il est dans la nature du "brouillard de la guerre" de se nourrir en permanence des mensonges officiels des belligérants. Ce brouillard n'aura sans doute jamais été aussi épais que dans le cas de la guerre d'Ukraine et des conséquences qu'elle entraîne sur la stabilité de la planète. J'ai voulu dans ce livre tenter de percer ce brouillard. Et mes conclusions ne sont pas dans l'air du temps ; elles ne collent pas aux discours ressassés jour après jour dans l'un ou l'autre camp. Elles démontent en revanche l'engrenage funeste dans lequel nous sommes désormais coincés, un engrenage qui pourrait conduire à un embrasement général, perspective que, très naturellement, personne ne veut regarder en face. » P. L. Selon Pierre Lellouche, cette guerre illustre l'accélération d'une recomposition géopolitique globale confortant un bloc eurasiatique (Russie, Chine, Iran et Corée du Nord) déterminé à en finir avec la domination de l'Occident. Dans cet immense bouleversement, les valeurs et les modèles institutionnels de l'après-guerre (Otan, UE) sont mis à l'épreuve. L'Europe se trouve menacée par de nouveaux prédateurs, et la France, en perte de vitesse, doit repenser son destin.
942 ## - ELEMENTOS DE ENTRADA SECUNDARIOS (KOHA)
Fuente del sistema de clasificación o colocación Clasificación de Library of Congress
Suprimir en OPAC No
Tipo de ítem Koha Libro
946 ## - PROCESAMIENTO DE INFORMACIÓN LOCAL (OCLC)
Iniciales del agente catalogador cmc
Holdings
Estatus retirado Estado de pérdida Fuente del sistema de clasificación o colocación Estado de daño No para préstamo Colección Biblioteca de origen Biblioteca actual Ubicación en estantería Fecha de adquisición Signatura topográfica completa Código de barras Visto por última vez Copia número Tipo de ítem Koha
    Clasificación de Library of Congress     Automatización y Procesos Técnicos Biblioteca Juan Bosch Biblioteca Juan Bosch Automatización y Procesos Técnicos (1er. Piso) 26/02/2026 L542 2025 00000198768 26/02/2026 1 Libro